000 01747ngm a2200385 4500
003 dpl
005 2009031608478.0
007 DVD
008 ||||||sp199 xxu|||||c|||| 00| 0 eng d
010 _aDVD-001774-1776
024 _c199.00
_aFOX 1017
035 _aDVD-001774-1776
040 _aDPL
_cDPL
082 _aDVD / ANNA
245 _aAnna and the King /
_cFox 2000 Pictures Presents
_h[videorecording] DVD/
260 _b20th Century Fox Home Entertainment
300 _a2 videodisc VCD;
_bsd., col. ;
_c4 3/4 in.
_fVCD
440 _a20th Centyry Fox Home Entertainment
500 _aSole Distributor in India M/s. Excel Productions Autio Visuals Pvt. Ltd.
500 _aThis DVD is Copy Protected
538 _aDolby Digital 5.1-English Subtitles: English
538 _aAspect Ratio: 1.85:1, Presentation type: Wide Screne, Presentation Size 16x9, Format DVD 9 Dual Layer Single Sided Disc.
650 _aMothin Picture
700 _aFoster, Jodie
700 _aYun-Fat, Chow
700 _aFenton, George
700 _aJashni, Jon
700 _aBondelli, Roger
700 _aMac Brown, G.
942 _cCF
_2ddc
_hDVD
_mANNA
999 _c25256
_d25256